000 00641cam a22002173a 4500
001 38244
003 PGUSA
005 20140828083837.0
008 111207s2011||||xxu|||||s|||||000 | eng d
040 _aPGUSA
_beng
042 _adc
100 1 _aMichelet, Jules,
_d1798-1874
245 1 0 _aHistoire de France - Moyen Âge; (Vol. 2 / 10)
_h[electronic resource] /
_cJules Michelet
260 _bProject Gutenberg,
_c2011
506 _aPublic domain in the USA.
516 _aElectronic text
700 1 _aMonod, Gabriel,
_d1844-1912
830 0 _aProject Gutenberg
_v38244
856 4 0 _uhttp://www.gutenberg.org/ebooks/38244
942 _cEB
999 _c267498
_d267498